Geography Quiz

Random Geography or World Quiz

9-Letter World Capitals Alphabetically Quiz Stats

 Plays Quiz not verified by Sporcle

Challenge
Share
Tweet
Embed
Score 0/22 Timer 05:00
0 Plays Today
Letter Capital % Correct
IIslamabad
88.2%
KKingstown
88.2%
AAmsterdam
82.4%
RReykjavik
82.4%
SStockholm
82.4%
BBucharest
76.5%
JJerusalem
76.5%
KKathmandu
76.5%
PPodgorica
76.5%
VVientiane
76.5%
PPhnom Penh
72.7%
Letter Capital % Correct
MMogadishu
70.6%
NNuku'alofa
70.6%
PPyongyang
70.6%
SSan Marino
70.6%
SSingapore
70.6%
LLjubljana
64.7%
NNaypyidaw
64.7%
BBujumbura
58.8%
NNgerulmud
58.8%
PPort Louis
58.8%
PPorto Novo
58.8%

You're not logged in!

Compare scores with friends on all Sporcle quizzes.
Join for Free
OR
Log In

You Might Also Like...

Show Comments

Extras

Top Quizzes Today


Score Distribution

Your Account Isn't Verified!

In order to create a playlist on Sporcle, you need to verify the email address you used during registration. Go to your Sporcle Settings to finish the process.

Report this User

Report this user for behavior that violates our Community Guidelines.

Details: